00389 2200169 4500245005400000020002200054250001100076100001200087700001400099650001700113005001900130260002800149041001400177084000800191300001100199336000900210 aBetween Me and Your Horse Of SteelcSianidahText a978-602-255-623-7 aCet. 1 aSianida aAvifah Ve aNovel Remaja a20230203145233 aYogyakartabSenjac2015 aIndonesia a813 a2015 : atext